000 00238nam a2200097Ia 4500
001 645976
005 20250826153634.0
008 250824s9999 xx 000 0 und d
245 0 _aÇOCUK MUHAFIZ
_cMEHMET BALTAOĞLU
260 _bGENÇ TİMAŞ
999 _c645976
_d645976